00748nam a2200217Ia 450000500170000000800410001702000180005804000180007604100080009408200240010210000180012624501440014425000120028826000470030030000250034765000460037265000330041865000350045170000240048670000200051020220829155141.0210716s2006 xx 000 0 und d a9788120330627 cAIMIT LIBRARY aeng a574.80285 22bRASS aRastogi, S C. aBioinformatics methods and applications : bgenomics proteomics and drug discovery /cBy S C Rastogi , Namita Mendiratta and Parag Rastogi. a2nd ed. aNew Delhi :bPHI Learning Pvt Ltd ,c2006. axvi, 456p. ;c23 cm. aProtein structure structure visualization aProtein structure prediction aIntroduction to drug discovery aMendiratta, Namita. aRastogi, Parag.